[Event "US Masters op"]
[Site "Greensboro"]
[Date "2018.08.19"]
[Round "5"]
[White "Luong, Phuong Hanh"]
[Black "Virkud, Apurva"]
[Result "1-0"]
[WhiteElo "2150"]
[BlackElo "2140"]
[PlyCount "73"]
[EventDate "2018.08.17"]
[EventType "swiss"]
[EventRounds "9"]
[EventCountry "USA"]
[SourceTitle "CBM 186 Extra"]
[Source "ChessBase"]
[SourceDate "2018.08.24"]
[SourceVersion "1"]
[SourceVersionDate "2018.08.24"]
[SourceQuality "1"]

1. d4 d5 2. c4 e6 3. Nf3 Nf6 4. g3 dxc4 5. Bg2 a6 6. a4 Nc6 7. 0-0 Be7 8. e3 0-0 9. Nbd2 Rb8 10. Nxc4 Nd5 11. Qe2 b5 12. axb5 axb5 13. Nfe5 Nxe5 14. Nxe5 Bd7 15. Bd2 Bd6 16. Nxd7 Qxd7 17. Ra7 Nb6 18. b3 b4 19. Rc1 Rfd8 20. Qh5 Nc8 21. Bc6 Qe7 22. Ra5 Qf6 23. Bg2 c5 24. dxc5 Bxg3 25. fxg3 Rxd2 26. Rf1 g6 27. Qxh7+ Kxh7 28. Rxf6 Kg7 29. Rf4 Rc2 30. c6 Ne7 31. Ra7 Nf5 32. g4 e5 33. Rf2 Rc1+ 34. Rf1 Rxf1+ 35. Bxf1 Nd6 36. Rd7 Ne8 37. Bc4 1-0

[Event "World op 46th"]
[Site "Philadelphia"]
[Date "2018.07.08"]
[Round "8"]
[White "Andrews, Todd D"]
[Black "Virkud, Apurva"]
[Result "1-0"]
[WhiteElo "2243"]
[BlackElo "2132"]
[PlyCount "69"]
[EventDate "2018.07.04"]
[EventType "swiss"]
[EventRounds "9"]
[EventCountry "USA"]
[SourceTitle "CBM 185 Extra"]
[Source "ChessBase"]
[SourceDate "2018.07.29"]
[SourceVersion "1"]
[SourceVersionDate "2018.07.29"]
[SourceQuality "1"]

1. d4 d5 2. c4 e6 3. Nc3 Be7 4. cxd5 exd5 5. Bf4 c6 6. e3 Nf6 7. Bd3 Nbd7 8. h3 Nf8 9. Nf3 Ng6 10. Bg3 0-0 11. 0-0 Re8 12. Ne5 Bd6 13. f4 a6 14. Qf3 Qc7 15. Rac1 Qb8 16. Kh1 Qc7 17. Bh2 Qe7 18. Rce1 Bb4 19. f5 Nf8 20. Re2 Bxc3 21. bxc3 Ne4 22. c4 f6 23. Ng4 b5 24. cxd5 cxd5 25. Rc1 Ra7 26. Bxe4 Qxe4 27. Qg3 Qe7 28. e4 h5 29. exd5 Qxe2 30. Nxf6+ Kh8 31. Nxe8 Bxf5 32. Nd6 Bd3 33. Re1 Qd2 34. Re8 Kg8 35. Qf3 1-0

[Event "USA-ch U20 Girls"]
[Site "Saint Louis"]
[Date "2017.07.12"]
[Round "5"]
[White "Virkud, Apurva"]
[Black "Eswaran, Ashritha"]
[Result "1/2-1/2"]
[WhiteElo "2213"]
[BlackElo "2086"]
[PlyCount "94"]
[EventDate "2017.07.08"]
[EventType "tourn"]
[EventRounds "9"]
[EventCountry "USA"]
[SourceTitle "CBM 179 Extra"]
[Source "ChessBase"]
[SourceDate "2017.08.23"]
[SourceVersion "1"]
[SourceVersionDate "2017.08.23"]
[SourceQuality "1"]

1. d4 d5 2. c4 e5 3. dxe5 d4 4. Nf3 Nc6 5. g3 Nge7 6. Bg2 Ng6 7. Bg5 Qd7 8. 0-0 h6 9. Bc1 Ngxe5 10. b3 Bc5 11. Bb2 0-0 12. Nbd2 Rd8 13. Nxe5 Nxe5 14. Ne4 Be7 15. Qc2 Qf5 16. Rad1 c5 17. Bc1 Qh5 18. Bf4 Nc6 19. Bf3 Bg4 20. Bxg4 Qxg4 21. f3 Qe6 22. a3 b6 23. Rd3 f5 24. Nf2 Bd6 25. Bxd6 Rxd6 26. f4 a5 27. Rb1 Re8 28. Re1 a4 29. bxa4 Na5 30. Rc1 Qxe2 31. Rd2 Qe3 32. Rd3 Qe7 33. Rd2 Re6 34. Nd3 Re2 35. Rxe2 Qxe2 36. Ne5 Qe3+ 37. Kg2 Qe4+ 38. Kg1 Rd8 39. Nd3 Qe6 40. Kg2 Kh7 41. Kg1 h5 42. Ne5 g6 43. Qd3 Qe8 44. Re1 Rd7 45. Rb1 Rd6 46. Rb5 Qe6 47. Rb1 Qe8 1/2-1/2

[Event "World op 45th"]
[Site "Philadelphia"]
[Date "2017.07.01"]
[Round "3"]
[White "Hernandez Carmenates, Holden"]
[Black "Virkud, Apurva"]
[Result "1/2-1/2"]
[WhiteElo "2510"]
[BlackElo "2252"]
[PlyCount "120"]
[EventDate "2017.06.29"]
[EventType "swiss"]
[EventRounds "9"]
[EventCountry "USA"]
[SourceTitle "CBM 179 Extra"]
[Source "ChessBase"]
[SourceDate "2017.08.23"]
[SourceVersion "1"]
[SourceVersionDate "2017.08.23"]
[SourceQuality "1"]

1. e4 c5 2. Nf3 d6 3. d4 cxd4 4. Nxd4 Nf6 5. Nc3 a6 6. Be3 e6 7. Qf3 Qc7 8. 0-0-0 Nbd7 9. Qg3 b5 10. Bxb5 axb5 11. Ndxb5 Qb8 12. Nxd6+ Bxd6 13. Qxd6 Qxd6 14. Rxd6 Ng4 15. Re1 Nxe3 16. Rxe3 Ne5 17. Rd1 Ba6 18. f3 Ke7 19. b3 Rhc8 20. a4 Rc5 21. Na2 Rac8 22. Nb4 Bb7 23. Kb2 Bc6 24. Ra1 Rd8 25. Rc3 Rxc3 26. Kxc3 Ba8 27. a5 g5 28. a6 g4 29. f4 Nd7 30. Kd4 Nf6+ 31. Kc5 Rc8+ 32. Kd4 Rd8+ 33. Ke3 Nxe4 34. Nd3 Nd6 35. g3 Nf5+ 36. Kd2 Nd4 37. b4 Be4 38. Ra3 Nb5 39. Ra5 Bxd3 40. cxd3 Na7 41. Kc3 Rd5 42. Rc5 Kd6 43. Kc4 Rxc5+ 44. bxc5+ Kc6 45. Kd4 f6 46. Ke4 Kxc5 47. d4+ Kd6 48. f5 e5 49. dxe5+ fxe5 50. f6 Ke6 51. f7 Kxf7 52. Kxe5 Kg6 53. Kd6 Kf5 54. Kc7 Ke6 55. Kb7 Nb5 56. Kb6 Nd6 57. Kc5 Nc8 58. Kd4 Kf5 59. Kd5 Na7 60. Kd6 Kf6 1/2-1/2

[Event "World op 45th"]
[Site "Philadelphia"]
[Date "2017.07.01"]
[Round "4"]
[White "Virkud, Apurva"]
[Black "Perelshteyn, Eugene"]
[Result "0-1"]
[WhiteElo "2252"]
[BlackElo "2511"]
[PlyCount "54"]
[EventDate "2017.06.29"]
[EventType "swiss"]
[EventRounds "9"]
[EventCountry "USA"]
[SourceTitle "CBM 179 Extra"]
[Source "ChessBase"]
[SourceDate "2017.08.23"]
[SourceVersion "1"]
[SourceVersionDate "2017.08.23"]
[SourceQuality "1"]

1. d4 Nf6 2. c4 g6 3. f3 d5 4. cxd5 Nxd5 5. e4 Nb6 6. Nc3 Bg7 7. Be3 0-0 8. Qd2 e5 9. d5 c6 10. h4 cxd5 11. exd5 Na6 12. 0-0-0 Bd7 13. Kb1 Rc8 14. Bg5 f6 15. Be3 Na4 16. Nxa4 Bxa4 17. b3 Bd7 18. Bd3 f5 19. h5 e4 20. Bxa6 f4 21. Bd4 e3 22. Qb2 Bxd4 23. Qxd4 bxa6 24. Ne2 Bf5+ 25. Ka1 Rc2 26. Nc3 Qb6 27. Na4 Rc1+ 0-1

[Event "Columbus op"]
[Site "Columbus"]
[Date "2017.06.25"]
[Round "5"]
[White "Virkud, Apurva"]
[Black "Zheng, Michael Zihan"]
[Result "1-0"]
[WhiteElo "2252"]
[BlackElo "1778"]
[PlyCount "150"]
[EventDate "2017.06.23"]
[EventType "swiss"]
[EventRounds "5"]
[EventCountry "USA"]
[SourceTitle "EXT 2023"]
[Source "ChessBase"]
[SourceDate "2022.10.05"]
[SourceVersion "1"]
[SourceVersionDate "2022.10.05"]
[SourceQuality "1"]

1. d4 Nf6 2. c4 g6 3. f3 d5 4. cxd5 Nxd5 5. e4 Nb6 6. Nc3 Bg7 7. Be3 0-0 8. Qd2 Nc6 9. 0-0-0 f5 10. Be2 e5 11. d5 Ne7 12. h4 f4 13. Bf2 Bd7 14. Kb1 Nec8 15. Nh3 Nd6 16. Qe1 h6 17. Bc5 Na4 18. Nxa4 Bxa4 19. Rc1 Be8 20. Nf2 a5 21. Nd1 b5 22. Qd2 Qb8 23. Nf2 Rf7 24. Qc2 b4 25. Nd3 Nb5 26. Bf2 Kh7 27. Nc5 a4 28. Bxb5 Qxb5 29. Qd2 Bf8 30. Ne6 Bd6 31. Bc5 Qb7 32. Rc4 b3 33. a3 Bb5 34. Rc3 Re8 35. Rhc1 Qb8 36. Qf2 Bd7 37. Bxd6 cxd6 38. Nc7 Ree7 39. Na6 Qb5 40. Nb4 Be8 41. Qd2 Rb7 42. Qd3 Qb6 43. Qa6 Qxa6 44. Nxa6 Bb5 45. Nb4 Kg7 46. Rc8 Rf8 47. R8c3 Rff7 48. Nc6 Rfd7 49. Rd1 Kf6 50. Kc1 Rb6 51. Nb4 Rbb7 52. Kd2 Rbc7 53. Nc6 Rb7 54. Rdc1 Kf7 55. Nb4 Rb8 56. Nd3 Ke7 57. Nf2 Ra8 58. Ng4 Rh8 59. Rh1 Kf7 60. Nf2 Kf6 61. Rcc1 Kf7 62. Nd1 Rb7 63. Nc3 Bd7 64. Nb1 Bb5 65. Rc3 Ke7 66. Ke1 Rf8 67. Kf2 Kf6 68. Rhc1 Rff7 69. Rc8 Kg7 70. Nc3 Rf8 71. Nxb5 Rxb5 72. R1c7+ Rf7 73. Rc6 Rd7 74. Ra8 Rbb7 75. Rxa4 Rbc7 1-0

[Event "Chicago op 26th"]
[Site "Chicago"]
[Date "2017.05.26"]
[Round "3"]
[White "Virkud, Apurva"]
[Black "Harshita, Guddanti"]
[Result "0-1"]
[WhiteElo "2252"]
[BlackElo "2007"]
[PlyCount "80"]
[EventDate "2017.05.25"]
[EventType "swiss"]
[EventRounds "9"]
[EventCountry "USA"]
[SourceTitle "CBM 178 Extra"]
[Source "ChessBase"]
[SourceDate "2017.06.22"]
[SourceVersion "1"]
[SourceVersionDate "2017.06.22"]
[SourceQuality "1"]

1. d4 Nf6 2. c4 e6 3. Nc3 Bb4 4. Qc2 0-0 5. Nf3 c5 6. dxc5 Na6 7. c6 bxc6 8. g3 Nc5 9. Bg2 a5 10. 0-0 Ba6 11. Bf4 Qe7 12. Rfd1 d5 13. Ne5 Rfc8 14. Rac1 Ncd7 15. Na4 Nxe5 16. Bxe5 Nd7 17. Bd4 Bxc4 18. e4 Rab8 19. b3 Ba6 20. Nc5 Nxc5 21. Bxc5 Qe8 22. Bxb4 axb4 23. Qc5 Qf8 24. Qe3 Bb5 25. Rd2 Rd8 26. Rcd1 Ra8 27. Rc1 h6 28. Qb6 dxe4 29. Rxd8 Qxd8 30. Qxd8+ Rxd8 31. Bxe4 f5 32. Bf3 Rd3 33. Kg2 Rc3 34. Rd1 Kf7 35. h4 Rc2 36. Rd7+ Kf6 37. Ra7 e5 38. Rd7 e4 39. Bd1 Rxa2 40. Rd4 e3 0-1

[Event "Pan American-ch U18 Girls 27th"]
[Site "Montevideo"]
[Date "2016.07.28"]
[Round "6"]
[White "Virkud, Apurva"]
[Black "Lara Santana, Maria"]
[Result "1/2-1/2"]
[WhiteElo "1913"]
[BlackElo "1681"]
[PlyCount "107"]
[EventDate "2016.07.25"]
[EventType "swiss"]
[EventRounds "9"]
[EventCountry "URU"]
[SourceTitle "EXT 2017"]
[Source "ChessBase"]
[SourceDate "2016.10.25"]
[SourceVersion "1"]
[SourceVersionDate "2016.10.25"]
[SourceQuality "1"]

1. d4 Nf6 2. c4 c5 3. d5 b5 4. cxb5 a6 5. b6 Qxb6 6. Nc3 g6 7. e4 d6 8. Nf3 Nbd7 9. Be2 Bg7 10. 0-0 0-0 11. Rb1 a5 12. Bf4 Ba6 13. Bxa6 Rxa6 14. Qd2 Rb8 15. h3 Ne8 16. Bg5 Qa7 17. Bh6 Bh8 18. Rfe1 Rab6 19. b3 Nc7 20. Ne2 a4 21. Qd1 axb3 22. axb3 Qa2 23. Nd2 Nb5 24. Nc4 R6b7 25. Qd3 Ne5 26. Nxe5 Bxe5 27. Rec1 Qa5 28. Bd2 Qa7 29. Bf4 Na3 30. Bxe5 Nxb1 31. Bf4 Rxb3 32. Qd1 f6 33. Ng3 Rb2 34. Qg4 Qb7 35. Qe6+ Kg7 36. h4 Rf8 37. h5 Na3 38. Qg4 g5 39. Nf5+ Kh8 40. h6 Rb1 41. Kh2 Rxc1 42. Bxc1 Nc4 43. f4 Rg8 44. fxg5 fxg5 45. Bxg5 Qb2 46. Qf4 Qe5 47. Qxe5+ Nxe5 48. Bxe7 Ng4+ 49. Kh3 Nf2+ 50. Kh2 Ng4+ 51. Kh3 Nf2+ 52. Kh2 Ng4+ 53. Kh3 Nf2+ 54. Kh2 1/2-1/2

[Event "Pan American-ch U18 Girls 27th"]
[Site "Montevideo"]
[Date "2016.07.26"]
[Round "3"]
[White "Virkud, Apurva"]
[Black "Monroy Garzon, Nataly Alejandra"]
[Result "0-1"]
[WhiteElo "1913"]
[BlackElo "2047"]
[PlyCount "106"]
[EventDate "2016.07.25"]
[EventType "swiss"]
[EventRounds "9"]
[EventCountry "URU"]
[SourceTitle "EXT 2017"]
[Source "ChessBase"]
[SourceDate "2016.10.25"]
[SourceVersion "1"]
[SourceVersionDate "2016.10.25"]
[SourceQuality "1"]

1. d4 c5 2. d5 e6 3. c4 exd5 4. cxd5 d6 5. e4 g6 6. h3 Bg7 7. Nf3 Nf6 8. Nc3 0-0 9. Bd3 b5 10. Nxb5 Re8 11. 0-0 Nxe4 12. Re1 Nf6 13. Bg5 Rxe1+ 14. Qxe1 a6 15. Nc3 h6 16. Bh4 Nbd7 17. Bg3 Nb6 18. Rd1 Bb7 19. Ne4 Nxe4 20. Bxe4 Qd7 21. Qe2 Re8 22. Qc2 Na4 23. Rb1 Nxb2 24. Nh4 Bc8 25. Bf3 Na4 26. Nxg6 Nc3 27. Rb6 Nb5 28. Nh4 Qc7 29. Rc6 Qe7 30. Rxc8 Rxc8 31. Nf5 Qe1+ 32. Kh2 Nd4 33. Nxd4 Bxd4 34. Qf5 Re8 35. Qg4+ Bg7 36. Bxd6 Qxf2 37. Bg3 Qd4 38. Qd7 Qe3 39. Qg4 Qg5 40. Qd7 Qd8 41. Qg4 Qc8 42. Qh5 Qd8 43. Qg4 Qc8 44. Qh5 c4 45. d6 c3 46. Bg4 Qc6 47. Qh4 c2 48. d7 c1Q 49. d8Q Rxd8 50. Qxd8+ Bf8 51. Bf3 Q6c5 52. Bh4 Q1g1+ 53. Kg3 Qe5+ 0-1

[Event "Canadian op"]
[Site "Windsor"]
[Date "2016.07.17"]
[Round "9"]
[White "Virkud, Apurva"]
[Black "Barron, Michael"]
[Result "1-0"]
[WhiteElo "1913"]
[BlackElo "2211"]
[PlyCount "79"]
[EventDate "2016.07.10"]
[EventType "swiss"]
[EventRounds "9"]
[EventCountry "CAN"]
[SourceTitle "EXT 2017"]
[Source "ChessBase"]
[SourceDate "2016.10.25"]
[SourceVersion "1"]
[SourceVersionDate "2016.10.25"]
[SourceQuality "1"]

1. d4 f5 2. c4 Nf6 3. Nf3 g6 4. g3 Bg7 5. Bg2 0-0 6. Nc3 d6 7. 0-0 Qe8 8. Nd5 Nxd5 9. cxd5 Qb5 10. Ng5 h6 11. Ne6 Bxe6 12. dxe6 d5 13. a4 Qc6 14. Qb3 Rd8 15. Bf4 Na6 16. Rac1 Qb6 17. Qxb6 axb6 18. Bxc7 Nxc7 19. Rxc7 Bxd4 20. Rxe7 Bxb2 21. Rxb7 Bf6 22. Rd1 Ra5 23. Rc1 d4 24. Rf7 Be5 25. Bc6 Rc8 26. Rb7 Bd6 27. e7 Bxe7 28. Rxe7 Kf8 29. Rh7 Kg8 30. Rd7 Rc5 31. Rxc5 bxc5 32. Bd5+ Kh8 33. Bc4 Ra8 34. Bb5 Rc8 35. a5 c4 36. a6 c3 37. Bd3 c2 38. Bxc2 Rxc2 39. a7 Ra2 40. Rd8+ 1-0

[Event "USA-ch U20 Girls"]
[Site "Manchester"]
[Date "2016.06.28"]
[Round "6"]
[White "Virkud, Apurva"]
[Black "Yu, Jennifer R"]
[Result "1-0"]
[WhiteElo "1913"]
[BlackElo "2187"]
[PlyCount "77"]
[EventDate "2016.06.25"]
[EventType "tourn"]
[EventRounds "9"]
[EventCountry "USA"]
[SourceTitle "CBM 173 Extra"]
[Source "ChessBase"]
[SourceDate "2016.08.29"]
[SourceVersion "1"]
[SourceVersionDate "2016.08.29"]
[SourceQuality "1"]

1. d4 d5 2. c4 c6 3. e3 Nf6 4. Nc3 Bf5 5. cxd5 cxd5 6. Qb3 Bc8 7. Nf3 e6 8. Ne5 Be7 9. Bd3 0-0 10. 0-0 Nc6 11. f4 g6 12. Qd1 Nd7 13. Bd2 Ndxe5 14. fxe5 f6 15. exf6 Bxf6 16. Rc1 Kg7 17. Qb3 Bd7 18. Kh1 Na5 19. Qd1 Rc8 20. Nb5 Rxc1 21. Qxc1 Nc6 22. e4 dxe4 23. Bh6+ Kg8 24. Bxf8 exd3 25. Bh6 Nb4 26. Nc3 Bg7 27. Bxg7 Kxg7 28. Qf4 Nc6 29. Qf7+ Kh6 30. Ne4 e5 31. Nf6 Bf5 32. Qxh7+ Kg5 33. Ng8 Nxd4 34. Qh6+ Kg4 35. h3+ Kg3 36. Qe3+ Kh4 37. Rf4+ exf4 38. Qxf4+ Kh5 39. Qh6# 1-0

[Event "USA-ch U20 Girls"]
[Site "Manchester"]
[Date "2016.06.26"]
[Round "3"]
[White "Nguyen, Emily"]
[Black "Virkud, Apurva"]
[Result "1-0"]
[WhiteElo "1944"]
[BlackElo "1913"]
[PlyCount "81"]
[EventDate "2016.06.25"]
[EventType "tourn"]
[EventRounds "9"]
[EventCountry "USA"]
[SourceTitle "CBM 173 Extra"]
[Source "ChessBase"]
[SourceDate "2016.08.29"]
[SourceVersion "1"]
[SourceVersionDate "2016.08.29"]
[SourceQuality "1"]

1. d4 d5 2. c4 e6 3. Nc3 Nf6 4. Nf3 Be7 5. Bf4 0-0 6. e3 c5 7. dxc5 Bxc5 8. Qc2 Nc6 9. a3 Be7 10. Rd1 Qa5 11. Be2 a6 12. 0-0 dxc4 13. Bxc4 b5 14. Bd3 Bb7 15. Ne4 h6 16. Nd6 Bxd6 17. Bxd6 Rfd8 18. Bg3 Rac8 19. Qe2 Rd7 20. Ne5 Rd5 21. Nxc6 Bxc6 22. Bh4 Nd7 23. Rc1 Qa4 24. Be7 Ne5 25. Bb1 Qa5 26. Bb4 Qb6 27. Bc3 Nc4 28. h4 Qb7 29. b3 Nb6 30. e4 Rd7 31. Qg4 f6 32. Qxe6+ Rf7 33. Qf5 Nd7 34. e5 g6 35. Qg4 Nxe5 36. Bxe5 fxe5 37. Bxg6 Rg7 38. h5 Rf8 39. Qe6+ Kh8 40. Rxc6 Re7 41. Qd5 1-0

[Event "North American-ch U20"]
[Site "Kitchener"]
[Date "2015.07.29"]
[Round "7"]
[White "Virkud, Apurva"]
[Black "He, Daniel Ming"]
[Result "1-0"]
[WhiteElo "2064"]
[BlackElo "2174"]
[PlyCount "61"]
[EventDate "2015.07.26"]
[EventType "swiss"]
[EventRounds "9"]
[EventCountry "CAN"]
[SourceTitle "EXT 2019"]
[Source "ChessBase"]
[SourceDate "2018.10.10"]
[SourceVersion "1"]
[SourceVersionDate "2018.10.10"]
[SourceQuality "1"]

1. d4 Nf6 2. c4 e6 3. Nc3 Bb4 4. Qc2 0-0 5. a3 Bxc3+ 6. Qxc3 b6 7. Bg5 Bb7 8. f3 c5 9. e3 cxd4 10. Qxd4 Re8 11. Bxf6 Qxf6 12. Qxf6 gxf6 13. Ne2 Nc6 14. Nf4 Kf8 15. Rd1 Ke7 16. Kf2 Rac8 17. Rc1 Ne5 18. Be2 Rc6 19. Rc3 Rec8 20. Rhc1 Ba6 21. b3 d5 22. Nd3 dxc4 23. Nb4 Rc5 24. Nxa6 Ra5 25. Nb4 Rxa3 26. bxc4 Ra4 27. Nc2 b5 28. Nd4 b4 29. Rb3 a5 30. c5 Ra2 31. Kf1 1-0

[Event "USA-ch U20 Girls"]
[Site "Tulsa"]
[Date "2015.06.26"]
[Round "9"]
[White "Virkud, Apurva"]
[Black "Liao, Simone"]
[Result "1/2-1/2"]
[WhiteElo "2136"]
[BlackElo "2075"]
[PlyCount "136"]
[EventDate "2015.06.22"]
[EventType "tourn"]
[EventRounds "9"]
[EventCountry "USA"]
[SourceTitle "CBM 167 Extra"]
[Source "ChessBase"]
[SourceDate "2015.09.14"]
[SourceVersion "1"]
[SourceVersionDate "2015.09.14"]
[SourceQuality "1"]

1. d4 d5 2. c4 c6 3. e3 Bf5 4. Nc3 e6 5. Nf3 Nf6 6. Nh4 Be4 7. f3 Bg6 8. g3 Nbd7 9. Bd2 Bd6 10. Qe2 dxc4 11. Qxc4 e5 12. Qe2 exd4 13. exd4+ Qe7 14. Qxe7+ Bxe7 15. Nxg6 hxg6 16. 0-0-0 0-0-0 17. Bc4 Rhf8 18. Rhe1 Nb6 19. Bb3 Rd7 20. Kb1 Bd8 21. Be3 Nbd5 22. Nxd5 Nxd5 23. Bf2 Bb6 24. Re2 Rfd8 25. Bxd5 Rxd5 26. Re7 R8d7 27. Rxd7 Kxd7 28. Kc2 g5 29. Rd3 Ke6 30. Re3+ Kd6 31. Rd3 Rf5 32. Bg1 Kd5 33. Kd2 Rf6 34. Kc2 Re6 35. Be3 f6 36. Kd1 Re8 37. Kc2 Rh8 38. Bg1 Re8 39. Be3 Re7 40. Kd1 g6 41. Kc2 Rh7 42. Rd2 a5 43. Kd3 Ba7 44. Rc2 b5 45. Re2 Re7 46. Rc2 Bb6 47. Rg2 Rh7 48. Rc2 a4 49. a3 Ba7 50. Re2 Re7 51. Rc2 Bb6 52. Rg2 Rh7 53. Rc2 Re7 54. Rg2 g4 55. fxg4 Re4 56. h3 Bxd4 57. Bxd4 Rxd4+ 58. Kc2 Rc4+ 59. Kd3 Rd4+ 60. Kc2 Re4 61. Rd2+ Ke5 62. Kd3 Rd4+ 63. Kc3 Rc4+ 64. Kd3 c5 65. Re2+ Kd5 66. Rf2 Rd4+ 67. Ke3 Re4+ 68. Kd3 Rd4+ 1/2-1/2

[Event "USA-ch U20 Girls"]
[Site "Tulsa"]
[Date "2015.06.24"]
[Round "4"]
[White "Yip, Carissa"]
[Black "Virkud, Apurva"]
[Result "0-1"]
[WhiteElo "1989"]
[BlackElo "2136"]
[PlyCount "96"]
[EventDate "2015.06.22"]
[EventType "tourn"]
[EventRounds "9"]
[EventCountry "USA"]
[SourceTitle "CBM 167 Extra"]
[Source "ChessBase"]
[SourceDate "2015.09.14"]
[SourceVersion "1"]
[SourceVersionDate "2015.09.14"]
[SourceQuality "1"]

1. e4 c5 2. Nf3 d6 3. d4 cxd4 4. Nxd4 Nf6 5. Nc3 a6 6. Bg5 e6 7. f4 Be7 8. Qf3 Qc7 9. 0-0-0 Nbd7 10. g4 Rb8 11. Bxf6 Bxf6 12. g5 Bxd4 13. Rxd4 b5 14. Kb1 b4 15. Nd1 Qc5 16. Qd3 Bb7 17. Bg2 Nb6 18. Rxd6 Nd5 19. Rxd5 exd5 20. exd5 0-0 21. Be4 g6 22. Ne3 f5 23. gxf6 Rxf6 24. f5 Rd8 25. fxg6 hxg6 26. Ng4 Rf4 27. Qg3 Rxe4 28. Nf6+ Kg7 29. Nxe4 Qxd5 30. Rc1 Rd7 31. Nf2 Qf5 32. Nd3 a5 33. Ne5 Re7 34. Ng4 Be4 35. Qg1 Rd7 36. Ka1 a4 37. Rf1 Bf3 38. h3 a3 39. Qe3 Bxg4 40. Re1 Qf6 41. Qb3 axb2+ 42. Kb1 Be6 43. Qxb4 Bd5 44. a4 Rb7 45. Qc5 Qf7 46. Qd4+ Kh7 47. Qh4+ Kg8 48. c4 Qf5+ 0-1

[Event "USA-ch U20 Girls"]
[Site "Tulsa"]
[Date "2015.06.23"]
[Round "3"]
[White "Virkud, Apurva"]
[Black "Wang, Annie"]
[Result "0-1"]
[WhiteElo "2136"]
[BlackElo "1991"]
[PlyCount "64"]
[EventDate "2015.06.22"]
[EventType "tourn"]
[EventRounds "9"]
[EventCountry "USA"]
[SourceTitle "CBM 167 Extra"]
[Source "ChessBase"]
[SourceDate "2015.09.14"]
[SourceVersion "1"]
[SourceVersionDate "2015.09.14"]
[SourceQuality "1"]

1. d4 Nf6 2. c4 e6 3. Nc3 Bb4 4. Qc2 0-0 5. a3 Bxc3+ 6. Qxc3 b6 7. Bg5 Bb7 8. f3 h6 9. Bh4 d5 10. e3 Nbd7 11. cxd5 Nxd5 12. Bxd8 Nxc3 13. Bh4 Nd5 14. e4 Ne3 15. Rc1 Nxf1 16. Kxf1 c5 17. Rd1 cxd4 18. Rxd4 Ne5 19. Kf2 Rfc8 20. Rd2 Rc1 21. h3 Ba6 22. g4 Rac8 23. Bg3 Nc4 24. Re2 Na5 25. Re1 R8c2+ 26. Ne2 Rxe2+ 27. Rxe2 Rxh1 28. Rd2 Rb1 29. Be5 Nc4 30. Rd8+ Kh7 31. Bc3 Nxb2 32. Rd7 Nd1+ 0-1

[Event "USA-ch (Women)"]
[Site "Saint Louis"]
[Date "2015.04.12"]
[Round "11"]
[White "Ni, Viktorija"]
[Black "Virkud, Apurva"]
[Result "1-0"]
[WhiteElo "2188"]
[BlackElo "2132"]
[PlyCount "93"]
[EventDate "2015.04.01"]
[EventType "tourn"]
[EventRounds "11"]
[EventCountry "USA"]
[SourceTitle "CBM 165 Extra"]
[Source "ChessBase"]
[SourceDate "2015.04.21"]
[SourceVersion "1"]
[SourceVersionDate "2015.04.21"]
[SourceQuality "1"]

1. Nf3 d5 2. c4 e6 3. b3 Nf6 4. g3 Be7 5. Bg2 0-0 6. 0-0 c5 7. Bb2 Nc6 8. e3 b6 9. Qe2 Bb7 10. Rd1 dxc4 11. bxc4 Qc8 12. d3 Rd8 13. Nbd2 Qc7 14. e4 e5 15. Nf1 Nd4 16. Nxd4 cxd4 17. Bc1 Nd7 18. f4 Bd6 19. f5 f6 20. g4 Nc5 21. Ng3 Be7 22. h4 Bc6 23. g5 Be8 24. Nh5 Bxh5 25. Qxh5 Bf8 26. Bf1 Kh8 27. Rd2 Rd7 28. Rg2 Qd8 29. Bd2 Qe8 30. Qg4 Qd8 31. Be2 Rb8 32. Kh2 Rbb7 33. Rag1 Qe7 34. Qg3 Rdc7 35. Bh5 Qd6 36. Qf3 Kg8 37. Be8 Rc8 38. Bh5 Rcc7 39. Rg3 Qc6 40. Bg6 hxg6 41. fxg6 Nxe4 42. Qh5 Bd6 43. dxe4 Qxc4 44. Qh7+ Kf8 45. gxf6 Qxa2 46. R1g2 Qg8 47. f7 1-0

[Event "USA-ch (Women)"]
[Site "Saint Louis"]
[Date "2015.04.07"]
[Round "6"]
[White "Virkud, Apurva"]
[Black "Goletiani, Rusudan"]
[Result "0-1"]
[WhiteElo "2132"]
[BlackElo "2311"]
[PlyCount "58"]
[EventDate "2015.04.01"]
[EventType "tourn"]
[EventRounds "11"]
[EventCountry "USA"]
[SourceTitle "CBM 165 Extra"]
[Source "ChessBase"]
[SourceDate "2015.04.21"]
[SourceVersion "1"]
[SourceVersionDate "2015.04.21"]
[SourceQuality "1"]

1. d4 Nf6 2. c4 e6 3. Nc3 Bb4 4. Qc2 d6 5. a3 Bxc3+ 6. Qxc3 Nbd7 7. Nf3 b6 8. Bg5 Bb7 9. Nd2 h6 10. Bh4 Qe7 11. f3 e5 12. Bf2 e4 13. d5 0-0 14. Bd4 c5 15. Bf2 b5 16. b3 Bxd5 17. cxb5 Rfe8 18. Nc4 Bxc4 19. bxc4 d5 20. 0-0-0 a6 21. e3 axb5 22. cxb5 d4 23. exd4 cxd4 24. Rxd4 Rxa3 25. Qb2 Rea8 26. Kb1 e3 27. Be1 Qc5 28. Rc4 Qf5+ 29. Qc2 Ra1+ 0-1

[Event "USA-ch (Women)"]
[Site "Saint Louis"]
[Date "2015.04.04"]
[Round "4"]
[White "Virkud, Apurva"]
[Black "Krush, Irina"]
[Result "0-1"]
[WhiteElo "2132"]
[BlackElo "2477"]
[PlyCount "78"]
[EventDate "2015.04.01"]
[EventType "tourn"]
[EventRounds "11"]
[EventCountry "USA"]
[SourceTitle "CBM 165 Extra"]
[Source "ChessBase"]
[SourceDate "2015.04.21"]
[SourceVersion "1"]
[SourceVersionDate "2015.04.21"]
[SourceQuality "1"]

1. d4 Nf6 2. c4 e6 3. Nc3 Bb4 4. Qc2 b6 5. a3 Bxc3+ 6. Qxc3 Bb7 7. Bg5 h6 8. Bh4 g5 9. Bg3 Ne4 10. Qc2 d6 11. e3 Nd7 12. Ne2 Qe7 13. f3 Nxg3 14. Nxg3 h5 15. 0-0-0 0-0-0 16. Bd3 Kb8 17. e4 h4 18. Ne2 h3 19. g3 d5 20. Kb1 c5 21. Rhe1 dxc4 22. Bxc4 cxd4 23. Nxd4 Ne5 24. Be2 Rd7 25. Nb5 Rhd8 26. Rxd7 Rxd7 27. Rd1 a6 28. Qc3 Rxd1+ 29. Bxd1 Ng6 30. Nd4 Qd6 31. Be2 Ne5 32. Kc1 Ka7 33. Bf1 g4 34. f4 Nd7 35. Be2 Nc5 36. Bxg4 Bxe4 37. Bf3 Qxd4 38. Qxd4 Nb3+ 39. Kd1 Bxf3+ 0-1